| 000 | 00518nam a22001937a 4500 | ||
|---|---|---|---|
| 003 | OSt | ||
| 005 | 20170320191038.0 | ||
| 008 | 170320b xxu||||| |||| 00| 0 eng d | ||
| 020 | _a8196396155 | ||
| 040 | _cDMLN | ||
| 082 | _aQV752 K79p 2010 | ||
| 100 |
_aKokate, C.K.; Purohit, A.P.; Gokhale S.B. _911861 |
||
| 245 | _aPharmacognosy | ||
| 260 | _aChennai; Nirali Prakashan, 2010 | ||
| 300 | _adiff't pges, ill:slides, 24cm | ||
| 504 | _aAppendices included | ||
| 650 |
_aPharmacognosy _911862 |
||
| 942 |
_2z _cSLOAN |
||
| 999 |
_c5696 _d5696 |
||